Introduction to research methods : (Record no. 37393)
[ view plain ]
| 000 -LEADER | |
|---|---|
| fixed length control field | 00777nam a22002417a 4500 |
| 001 - CONTROL NUMBER | |
| control field | 37393 |
| 003 - CONTROL NUMBER IDENTIFIER | |
| rucl marc code | BD-RjUL |
| 005 - DATE AND TIME OF LATEST TRANSACTION | |
| control field | 20211209052614.0 |
| 008 - FIXED-LENGTH DATA ELEMENTS--GENERAL INFORMATION | |
| fixed length control field | 141231r20132010ii a|||| b||| 001 0 eng d |
| 020 ## - INTERNATIONAL STANDARD BOOK NUMBER | |
| International Standard Book Number | 9788130916033 |
| 035 ## - SYSTEM CONTROL NUMBER | |
| System control number | (BD-RjUL)37497 |
| 040 ## - CATALOGING SOURCE | |
| Original cataloging agency | BD-RjUL |
| Language of cataloging | eng |
| Transcribing agency | BD-RjUL |
| 041 ## - LANGUAGE CODE | |
| Language code of text/sound track or separate title | eng |
| 082 ## - DEWEY DECIMAL CLASSIFICATION NUMBER | |
| Edition number | 22 |
| Classification number | 001.42 |
| Author mark and year | DAI 2013 |
| 100 ## - MAIN ENTRY--PERSONAL NAME | |
| Personal name | Dawson, Catherine |
| 9 (RLIN) | 114717 |
| 245 ## - TITLE STATEMENT | |
| Title | Introduction to research methods : |
| Remainder of title | a practical guide for anyone undertaking a research project / |
| Statement of responsibility, etc. | Catherine Dawson |
| 250 ## - EDITION STATEMENT | |
| Edition statement | 4th ed. |
| 260 ## - PUBLICATION, DISTRIBUTION, ETC. (IMPRINT) | |
| Place of publication, distribution, etc. | New Delhi : |
| Name of publisher, distributor, etc. | Viva Books, |
| Date of publication, distribution, etc. | c2010 [Reprinted 2013] |
| 300 ## - PHYSICAL DESCRIPTION | |
| Pagination | x, 166 p. : |
| Illustrations | ill. ; |
| Size | 24 cm. |
| 504 ## - BIBLIOGRAPHY, ETC. NOTE | |
| Bibliography, etc | Includes bibliographical references and index. |
| 650 ## - SUBJECT ADDED ENTRY--TOPICAL TERM | |
| Topical term or geographic name as entry element | Research |
| General subdivision | Methodology. |
| 9 (RLIN) | 114718 |
| 942 ## - ADDED ENTRY ELEMENTS (KOHA) | |
| Source of classification or shelving scheme | Dewey Decimal Classification |
| Koha item type | Books |
| Lost status | Source of classification or shelving scheme | Damaged status | Not for loan | Collection code | Permanent Location | Current Location | Shelving location | Date acquired | Source of acquisition | Cost, normal purchase price | Total Checkouts | Full call number | Date last seen | Copy number | Koha item type |
|---|---|---|---|---|---|---|---|---|---|---|---|---|---|---|---|
| Dewey Decimal Classification | Not For Loan | Non-fiction | Central Library, University of Rajshahi | Central Library, University of Rajshahi | 23/07/2014 | Baatighar, Chittagong | 560.50 | 001.42 DAI 2013 | 31/12/2014 | C-1 | Books |